Merchandising - visual merchandising.

Merchandising ako vertikálny marketing. Optimálne podmienky nákupu, kombinácie výberu, umiestenie výrobku a pod. Vizuálny merchandising. Impulzívny nákup v podmienkach širokého sortimentu vystaveného tovaru. Premena obchodných domov vo Švédsku na nákupné centrá.

Na minha lista:
Detalhes bibliográficos
Autor principal: Molnár, C.
Formato: Capítulo de Livro
Idioma:húngaro
Assuntos:
Tags: Adicionar Tag
Sem tags, seja o primeiro a adicionar uma tag!

MARC

LEADER 00000naa a2200000 4500
001 r010462
005 20221125113531.4
041 0 |a hun 
044 |a HU 
245 1 0 |a Merchandising - visual merchandising.  |c C. Molnár 
520 |a Merchandising ako vertikálny marketing. Optimálne podmienky nákupu, kombinácie výberu, umiestenie výrobku a pod. Vizuálny merchandising. Impulzívny nákup v podmienkach širokého sortimentu vystaveného tovaru. Premena obchodných domov vo Švédsku na nákupné centrá. 
610 2 0 |a merchandising 
610 2 0 |a marketing 
610 2 0 |a domy obchodné 
610 2 0 |a predaj 
610 2 0 |a strediská nákupné 
100 1 |a Molnár, C.